<?xml version="1.0" encoding="UTF-8"?>
<record
    xmlns:xsi="http://www.w3.org/2001/XMLSchema-instance"
    xsi:schemaLocation="http://www.loc.gov/MARC21/slim http://www.loc.gov/standards/marcxml/schema/MARC21slim.xsd"
    xmlns="http://www.loc.gov/MARC21/slim">

  <leader>01301    a2200265   4500</leader>
  <controlfield tag="001">46369</controlfield>
  <datafield tag="020" ind1=" " ind2=" ">
    <subfield code="a">9788532244802</subfield>
  </datafield>
  <datafield tag="020" ind1=" " ind2=" ">
    <subfield code="q">(broch.)</subfield>
  </datafield>
  <datafield tag="041" ind1=" " ind2=" ">
    <subfield code="a">por</subfield>
  </datafield>
  <datafield tag="082" ind1=" " ind2=" ">
    <subfield code="a">028.5</subfield>
  </datafield>
  <datafield tag="100" ind1=" " ind2=" ">
    <subfield code="a">Belinky, Tatiana.</subfield>
  </datafield>
  <datafield tag="250" ind1=" " ind2=" ">
    <subfield code="a">. ed.</subfield>
  </datafield>
  <datafield tag="520" ind1=" " ind2=" ">
    <subfield code="a">Certo dia os bichos resolveram formar um coral. A ideia agradou a todos e logo o inteligente Macaco foi nomeado o grande regente. Mas, como em todo coral, &#xE9; preciso definir o lugar de cada um...
Essa f&#xE1;bula po&#xE9;tica mostra o excesso de vaidade de cada bicho (e como n&#xE3;o lembrar das pessoas?), impedindo a realiza&#xE7;&#xE3;o de um projeto coletivo desejado por todos.
A cada estrofe redescobrimos o universo criativo dessa consagrada escritora que, nas vozes dos animais, permite uma reflex&#xE3;o &#xE9;tica sobre as atitudes por eles tomadas e suas consequ&#xEA;ncias. O ritmo dos versos embala a leitura, e os fatos cheios de humor prendem a aten&#xE7;&#xE3;o.</subfield>
  </datafield>
  <datafield tag="521" ind1=" " ind2=" ">
    <subfield code="a">Year 2</subfield>
  </datafield>
  <datafield tag="697" ind1=" " ind2=" ">
    <subfield code="a">Cacofonia.</subfield>
  </datafield>
  <datafield tag="697" ind1=" " ind2=" ">
    <subfield code="a">Literatura infantojuvenil.</subfield>
  </datafield>
  <datafield tag="856" ind1=" " ind2=" ">
    <subfield code="u">00000f/00000f5c.jpg</subfield>
  </datafield>
  <datafield tag="040" ind1=" " ind2=" ">
    <subfield code="a">BR-BrIDEA</subfield>
    <subfield code="c">BR-BrIDEA</subfield>
  </datafield>
  <datafield tag="090" ind1=" " ind2=" ">
    <subfield code="a">Year 2 028</subfield>
    <subfield code="b">BEL</subfield>
  </datafield>
  <datafield tag="245" ind1="1" ind2="0">
    <subfield code="a">Coral dos bichos</subfield>
    <subfield code="c">Tatiana Belinky ; ilustra&#xE7;&#xF5;es de Jotah</subfield>
  </datafield>
  <datafield tag="260" ind1=" " ind2=" ">
    <subfield code="a">S&#xE3;o Paulo</subfield>
    <subfield code="b">FTD</subfield>
    <subfield code="c">2000</subfield>
  </datafield>
  <datafield tag="300" ind1=" " ind2=" ">
    <subfield code="a">[32] p.</subfield>
    <subfield code="b">il.</subfield>
    <subfield code="e">23.4 x 17.6 x 1 cm</subfield>
  </datafield>
  <datafield tag="700" ind1=" " ind2=" ">
    <subfield code="a">Jotah</subfield>
    <subfield code="d">1961</subfield>
    <subfield code="e">ilustrador</subfield>
  </datafield>
  <datafield tag="942" ind1=" " ind2=" ">
    <subfield code="c">BK</subfield>
  </datafield>
  <datafield tag="952" ind1=" " ind2=" ">
    <subfield code="0">0</subfield>
    <subfield code="1">0</subfield>
    <subfield code="4">0</subfield>
    <subfield code="7">0</subfield>
    <subfield code="a">87.1</subfield>
    <subfield code="b">87.1</subfield>
    <subfield code="d">2023-11-21</subfield>
    <subfield code="l">0</subfield>
    <subfield code="o">LI 028.5 BEL COR</subfield>
    <subfield code="p">4123/AQU</subfield>
    <subfield code="r">2023-11-21 15:12:51</subfield>
    <subfield code="w">2023-11-21</subfield>
    <subfield code="y">BK</subfield>
  </datafield>
  <datafield tag="952" ind1=" " ind2=" ">
    <subfield code="0">0</subfield>
    <subfield code="1">0</subfield>
    <subfield code="2">ddc</subfield>
    <subfield code="4">0</subfield>
    <subfield code="7">0</subfield>
    <subfield code="a">12.28</subfield>
    <subfield code="b">12.28</subfield>
    <subfield code="d">2018-05-22</subfield>
    <subfield code="l">0</subfield>
    <subfield code="o">Year 2 028</subfield>
    <subfield code="p">00036926SSW</subfield>
    <subfield code="r">2024-01-23 14:33:34</subfield>
    <subfield code="w">2024-01-23</subfield>
    <subfield code="y">BK</subfield>
  </datafield>
  <datafield tag="952" ind1=" " ind2=" ">
    <subfield code="0">0</subfield>
    <subfield code="1">0</subfield>
    <subfield code="2">ddc</subfield>
    <subfield code="4">0</subfield>
    <subfield code="7">0</subfield>
    <subfield code="a">12.27</subfield>
    <subfield code="b">12.27</subfield>
    <subfield code="d">2023-05-18</subfield>
    <subfield code="l">0</subfield>
    <subfield code="o">A Year 2 028 BEL</subfield>
    <subfield code="p">00062057AGC</subfield>
    <subfield code="r">2024-01-23 14:33:34</subfield>
    <subfield code="w">2024-01-23</subfield>
    <subfield code="y">BK</subfield>
  </datafield>
  <datafield tag="952" ind1=" " ind2=" ">
    <subfield code="0">0</subfield>
    <subfield code="1">0</subfield>
    <subfield code="2">ddc</subfield>
    <subfield code="4">0</subfield>
    <subfield code="7">0</subfield>
    <subfield code="a">12.27</subfield>
    <subfield code="b">12.27</subfield>
    <subfield code="d">2022-06-27</subfield>
    <subfield code="l">0</subfield>
    <subfield code="o">A Year 2 028 BEL</subfield>
    <subfield code="p">00058888AGC</subfield>
    <subfield code="r">2024-01-23 14:33:34</subfield>
    <subfield code="w">2024-01-23</subfield>
    <subfield code="y">BK</subfield>
  </datafield>
  <datafield tag="999" ind1=" " ind2=" ">
    <subfield code="c">46369</subfield>
    <subfield code="d">46369</subfield>
  </datafield>
</record>
